000 00742nam a2200229Ia 4500
001 11507
003 GE_BSU
008 181216s||||||||xx |||||||||||||| ||und||
040 _cGE_BSU
080 _a63:54(075.32)+631.8(075.32)
100 _aმენაღარიშვილი,ა.
245 _aაგროქიმია.
245 _bსახელმძღვ.სას.სამ.ტექნიკუმებისათვის.
245 _cრედ:დ.სალუქვაძე.
260 _aთბილისი.
260 _bგანათლება.
260 _c1966.
300 _a432გვ;21სმ.
300 _eცხრილები.
653 _aაგროქიმია.
942 _cBK
999 _c44702
_d44702